Полевые методы гидрогеологических, инженерно-геологических, геокриологических, инженерно-геофизических и эколого-геологических исследований: методическое руководство

Bibliographic Details
Other Authors: Королев В. А. (редактор), Гордеева Г. И., Гриневский С. О., Богословский В. А.
Summary:В методическом руководстве, предназначенном для студентов, проходящих учебную практику в Звенигороде, дан краткий очерк геологических, геоморфологических, гидрогеологических, инженерно-геологических, геокриологических и эколого-геологаческих условий района. Приведены элементы комплексной инженерно-геологической, гидрогеологической, геокриологической и эколого-геологической съемок. Изложены учебные задачи по опытным работам на участках детальных исследований. В отличие от предыдущего издания в руководстве приведены новые задачи, выполняемые на современном оборудовании, описаны некоторые полевые методы эколого-геологических исследований. Для студентов геологического факультета МГУ.
Language:Russian
Published: Москва, КДУ, 2016
Edition:Репр. изд.
Subjects:
Format: Book
KOHA link:https://koha.lib.tpu.ru/cgi-bin/koha/opac-detail.pl?biblionumber=309903

MARC

LEADER 00000nam0a2200000 4500
001 309903
005 20231102002233.0
010 |a 9785791310071 
035 |a (RuTPU)RU\TPU\book\335242 
035 |a RU\TPU\book\68895 
090 |a 309903 
100 |a 20040610d2016 m y0rusy50 ca 
101 0 |a rus 
102 |a RU 
105 |a a j 001zy 
200 1 |a Полевые методы гидрогеологических, инженерно-геологических, геокриологических, инженерно-геофизических и эколого-геологических исследований  |e методическое руководство  |f под ред. В. А. Королева и др. 
205 |a Репр. изд. 
210 |a Москва  |c КДУ  |d 2016 
215 |a 352 с.  |c ил. 
320 |a Библиография в конце книги. 
330 |a В методическом руководстве, предназначенном для студентов, проходящих учебную практику в Звенигороде, дан краткий очерк геологических, геоморфологических, гидрогеологических, инженерно-геологических, геокриологических и эколого-геологаческих условий района. Приведены элементы комплексной инженерно-геологической, гидрогеологической, геокриологической и эколого-геологической съемок. Изложены учебные задачи по опытным работам на участках детальных исследований. В отличие от предыдущего издания в руководстве приведены новые задачи, выполняемые на современном оборудовании, описаны некоторые полевые методы эколого-геологических исследований. Для студентов геологического факультета МГУ. 
606 1 |a Полевая геология  |2 stltpush  |3 (RuTPU)RU\TPU\subj\50053  |9 68810 
606 1 |a Инженерно-геологические исследования полевые  |2 stltpush  |3 (RuTPU)RU\TPU\subj\12586  |9 39348 
610 1 |a учебная практика 
610 1 |a Звенигород 
610 1 |a геологическое строение 
610 1 |a маршрутные исследования 
610 1 |a гидрогеологические исследования 
610 1 |a горные породы 
610 1 |a воды подземные 
610 1 |a воды поверхностные 
610 1 |a состав 
610 1 |a оценка 
610 1 |a грунты 
610 1 |a прочность 
610 1 |a геокриологические исследования 
610 1 |a тепловой баланс 
610 1 |a теплопроводность 
610 1 |a эколого-геологические исследования 
610 1 |a техногенные воздействия 
610 1 |a полевые методы 
610 1 |a отчеты 
610 1 |a содержание 
610 1 |a оформление 
610 1 |a методические руководства 
675 |a 550.8.02(07)  |v 3 
675 |a 624.131.38(07)  |v 3 
702 1 |a Королев  |b В. А.  |4 340 
702 1 |a Гордеева  |b Г. И.  |4 340 
702 1 |a Гриневский  |b С. О.  |4 340 
702 1 |a Богословский  |b В. А.  |4 340 
801 1 |a RU  |b 63413507  |c 20151118 
801 2 |a RU  |b 63413507  |c 20160218  |g RCR 
900 |a Инженерно-геологические изыскания 
900 |a Инженерно-геологические исследования 
942 |c BK 
959 |a 143/20151118  |d 3  |e 762,30  |f ЧЗТЛ:1  |f УФ:2